Lý luận và phê bình văn học Những vấn đề và quan niệm hiện đại.
Đã lưu trong:
| Tác giả chính: | |
|---|---|
| Định dạng: | Sách |
| Ngôn ngữ: | Vietnamese |
| Được phát hành: |
Hà Nội
Giáo dục
1996
|
| Phiên bản: | Tái bản lần thứ hai |
| Những chủ đề: | |
| Các nhãn: |
Thêm thẻ
Không có thẻ, Là người đầu tiên thẻ bản ghi này!
|
| Thư viện lưu trữ: | Trung tâm Học liệu Lê Vũ Hùng, Trường Đại học Đồng Tháp |
|---|
| LEADER | 00833aam a22002538a 4500 | ||
|---|---|---|---|
| 001 | 00042352 | ||
| 005 | 20180919100939.0 | ||
| 008 | 130605s2012 ||||||viesd | ||
| 020 | # | # | |c 27000 |
| 041 | 0 | # | |a vie |
| 082 | 1 | 4 | |a 809 |b L600L |
| 100 | 1 | # | |a Trần, Đình Sử |
| 245 | 1 | 0 | |a Lý luận và phê bình văn học |b Những vấn đề và quan niệm hiện đại. |c Trần Đình Sử |
| 250 | # | # | |a Tái bản lần thứ hai |
| 260 | # | # | |a Hà Nội |b Giáo dục |c 1996 |
| 300 | # | # | |a 330 tr. |c 21 cm. |
| 653 | # | # | |a Liên Xô |
| 653 | # | # | |a Lý luận |
| 653 | # | # | |a Phê bình văn học |
| 653 | # | # | |a Trung Quốc |
| 653 | # | # | |a Việt Nam |
| 852 | # | # | |j KM.0026221 |
| 910 | |d 19/09/2018 | ||
| 980 | # | # | |a Trung tâm Học liệu Lê Vũ Hùng, Trường Đại học Đồng Tháp |